Istilah penilaian harta tanah : Bahasa Inggeris - Bahasa Malaysia, Bahasa Malaysia - Bahasa Inggeris

Bibliographic Details
Corporate Author: Dewan Bahasa dan Pustaka
Format: Book
Language:English
Published: Kuala Lumpur : Dewan Bahasa dan Pustaka 1989
Subjects:

MARC

LEADER 00000cam a2200000 7i4500
001 0000000609
005 20240912.0
008 231219 my eng
020 |a 9836209875 (pbk) 
040 |a INS   |b eng   |e rda 
090 0 0 |a RHD107.7   |b .I84 1989 
245 0 0 |a Istilah penilaian harta tanah :   |b Bahasa Inggeris - Bahasa Malaysia, Bahasa Malaysia - Bahasa Inggeris   |c Dewan Bahasa dan Pustaka 
264 1 |a Kuala Lumpur :   |b Dewan Bahasa dan Pustaka   |c 1989 
264 4 |c ©1989 
300 |a 166 pages ;   |c 14 cm. 
336 |a text  |2 rdacontent 
337 |a unmediated  |2 rdamedia 
338 |a volume  |2 rdacarrier 
650 0 |a Real property   |x Dictionaries 
650 0 |a Real property   |x Dictionaries   |x Malay 
650 0 |a Real property   |x Terminology 
650 0 |a Real property   |x Valuation   |x Dictionaries 
650 0 |a Real property   |x Valuation   |x Dictionaries   |x Malay 
710 2 |a Dewan Bahasa dan Pustaka 
999 |a 0000003376   |b BOOK   |c Red Spot   |e Default branch 
999 |a 0000003982   |b BOOK   |c Red Spot   |e Default branch 
999 |a 0000003983   |b BOOK   |c Red Spot   |e Default branch 
999 |a 0000003984   |b BOOK   |c Reference   |e Default branch 
999 |a 0000003985   |b BOOK   |c Red Spot   |e Default branch 
999 |a 0000003986   |b BOOK   |c Red Spot   |e Default branch 
999 |a 0000008025   |b BOOK   |c Red Spot   |e Default branch 
999 |a 0000015127   |b BOOK   |c Red Spot   |e Default branch 
999 |a 0000018082   |b BOOK   |c Red Spot   |e Default branch